| 000 | 00418nam a2200169 a 4500 | ||
|---|---|---|---|
| 001 | 1760 | ||
| 005 | 20140414131908.0 | ||
| 008 | 001218s19uu xx 00 eng d | ||
| 020 | _a0-7214-0878-8 | ||
| 050 |
_aER _bB11 1990 |
||
| 245 | _aBambi. | ||
| 260 |
_aLeicestershire, UK : _bLadybird Books, _c1990. |
||
| 300 | _a43 p. ; cm. | ||
| 440 | _aDisney | ||
| 650 | _aChildren's stories - Fiction. | ||
| 999 |
_c111069 _d111069 |
||